000 00695nam a2200229 i 4500
001 bg
245 0 0 _aStatystyka /
_cred. nauk. Jan Paradysz ; Akademia Ekonomiczna w Poznamiu.
260 _aPoznań :
_bWydaw. AE,
_c2005.
300 _a446 s. :
_bwykr. ;
_c24 cm.
504 _aBibliogr.
650 9 _aStatystyka
655 _aPodręczniki akademickie
700 1 _aPARADYSZ, Jan.
_eRed.
020 _a8374170271
040 _cBPK
041 0 _apol
080 _a311:519.2:004.42](075.8)(076)
920 _a83-7417-027-1
942 _cKS
008 s pl f |000 0 pol
999 _c45981
_d45981
856 _uhttp://koha.tu.koszalin.pl/cgi-bin/koha/opac-detail.pl?biblionumber=45981
_yKatalog online BPK